| 000 | 00000nam 2200000zi 4500 |
| 001 | 9.943049 |
| 003 | CaOODSP |
| 005 | 20241104143047 |
| 006 | m o d f |
| 007 | cr |n||||||||| |
| 008 | 240910t19771977onca ob f000 0 fre d |
| 020 | |z0660006227 |
| 040 | |aCaOODSP|bfre|erda|cCaOODSP |
| 043 | |an-cn--- |
| 086 | 1 |aZ1-1975/1-41-13F-PDF|zZ1-1975/1-41-13F |
| 100 | 1 |aLitvak, I. A. |q(Isaiah A.), |d1936- |eauteur. |
| 245 | 10|aAlcan Aluminium limitée : |bune étude de cas / |cIsaiah A. Litvak et Christopher J. Maule. |
| 264 | 1|a[Ottawa] : |bApprovisionnements et services Canada, |cfévrier 1977. |
| 264 | 4|c©1977 |
| 300 | |a1 ressource en ligne (x, 181 pages) : |billustrations. |
| 336 | |atexte|btxt|2rdacontent/fre |
| 337 | |ainformatique|bc|2rdamedia/fre |
| 338 | |aressource en ligne|bcr|2rdacarrier/fre |
| 490 | 1 |aÉtude - Commission royale d'enquête sur les groupements de sociétés ; |vno. 13 |
| 500 | |aPublié aussi en anglais sous le titre : Alcan Aluminium Limited : a case study. |
| 500 | |aÉdition numérisée de l'imprimée [par Direction des publications du Gouvernement du Canada]. |
| 504 | |aComprend des références bibliographiques (page 181). |
| 610 | 26|aAlcan aluminium limiteĢe. |
| 650 | 6|aConglomérats (Économie politique)|zCanada. |
| 710 | 1 |aCanada. |bCommission royale d'enquête sur les groupements de sociétés, |eorganisme de publication. |
| 775 | 08|tAlcan Aluminium Limited : |w(CaOODSP)9.894292 |
| 830 | #0|aÉtude / Commission royale d'enquête sur les groupements de sociétés ;|vno. 13. |w(CaOODSP)9.942876 |
| 856 | 40|qPDF|s13365 Ko|uhttps://publications.gc.ca/collections/collection_2024/bcp-pco/Z1-1975-1-41-13-fra.pdf |